| 000 | 00684cam a22002293a 4500 | ||
|---|---|---|---|
| 001 | 27530 | ||
| 003 | PGUSA | ||
| 005 | 20140828083609.0 | ||
| 008 | 081214s2008||||xxu|||||s|||||000 p eng d | ||
| 040 |
_aPGUSA _beng |
||
| 042 | _adc | ||
| 050 | 4 | _aPZ | |
| 100 | 1 |
_aBrooke, L. Leslie _q(Leonard Leslie), _d1862-1940 |
|
| 245 | 1 | 4 |
_aThe Tailor and the Crow : _bAn Old Rhyme with New Drawings _h[electronic resource] / _cL. Leslie Brooke |
| 260 |
_bProject Gutenberg, _c2008 |
||
| 506 | _aPublic domain in the USA. | ||
| 516 | _aElectronic text | ||
| 653 | _aChildren's poetry | ||
| 830 | 0 |
_aProject Gutenberg _v27530 |
|
| 856 | 4 | 0 | _uhttp://www.gutenberg.org/ebooks/27530 |
| 942 | _cEB | ||
| 999 |
_c256785 _d256785 |
||